| 000 | 01665na a2200409 4500 | ||
|---|---|---|---|
| 001 | 18025 | ||
| 003 | MIRAKIL | ||
| 005 | 20181213155016.0 | ||
| 008 | 161109b tu 000 0 | ||
| 020 | _a9786056188107 | ||
| 035 | _a18025 | ||
| 040 |
_aMilas _btur _cTR-AnCHP |
||
| 041 | _atur | ||
| 082 |
_aCHP 331.88113711 _bK23ö 2011 |
||
| 090 | _aCHP 331.88113711 K23ö 2011 | ||
| 100 | _aKahyaoğlu, Murat | ||
| 245 |
_aÖğretmen örgütlenmesinde Eskişehir örneği _b(siyasetin güzel ve çirkin yüzü) _banılar, izlenimler, öneriler _cMurat Kahyaoğlu ; yayına hazırlayan İlyas Küçükcan |
||
| 246 | _aAnılar, izlenimler, öneriler | ||
| 246 | _aSiyasetin güzel ve çirkin yüzü | ||
| 260 |
_aEskişehir _b[yayl.y.] _c2011 _fServet Ofset Matbacılık |
||
| 300 |
_a181 s. _bres. _c30 sm. |
||
| 490 | _aCumhuriyet Halk Partisi yayınları | ||
| 600 |
_aKahyaoğlu, Murat _cÖğretmen, TÖS Eskişehir Başkanı _xSiyasal ve sosyal görüşler |
||
| 610 |
_aTürkiye Öğretmenler Sendikası (TÖS) _xTarih |
||
| 610 |
_aCHP _xEğitim politikası _yEleştiriler |
||
| 610 |
_aCHP _xEğitim _yEleştiri ve yorumlar |
||
| 650 |
_aEğitim ve siyaset _zTürkiye |
||
| 650 |
_aÖğretmen sendikaları _xSosyo ekonomik durum _zTürkiye |
||
| 650 |
_aÖğretmenler _xSendikal örgütlenme _zTürkiye |
||
| 650 |
_aÖğretmenler _xSosyo ekonomik durum _yÖrnek olay çalışması _zEskişehir _zTürkiye |
||
| 650 |
_aEğitim _yÖrnek olay çalışması _zEskişehir |
||
| 651 |
_aTürkiye _xSiyasal tarih _yEleştiri |
||
| 657 | _aSendikalar ve sendikacılık | ||
| 657 | _aCHP eleştirisi | ||
| 700 | _aKüçükcan, İlyas | ||
| 942 |
_2ddc _cBKS |
||
| 999 |
_c4742 _d4742 |
||